Statistics for Which Is Smaller?

Click here to take the quiz!

General Stats

  • This quiz has been taken 106 times
  • The average score is 9 of 15

Answer Stats

QuestionAnswer% Correct
Which Is Smaller?Canada
95%
Which Is Smaller?California
81%
Which Is Smaller?North America
81%
Which Is Smaller?Norway
77%
Which Is Smaller?North Island, New Zealand
74%
Which Is Smaller?Nauru
68%
Which Is Smaller?Borneo
67%
Which Is Smaller?Tanzania
67%
Which Is Smaller?Antarctica
66%
Which Is Smaller?Iran
60%
Which Is Smaller?Oceania
49%
Which Is Smaller?Wyoming
44%
Which Is Smaller?New Hampshire
43%
Which Is Smaller?Northwest Territories
36%
Which Is Smaller?Kazakhstan
34%

Score Distribution

Percentile by Number Answered

Percent of People with Each Score

Your Score History

You have not taken this quiz